| Tag |
First Indicator |
Second Indicator |
Subfields |
| LEADER |
00000cam a2200000 a 4500 |
| 001 |
in00001404764 |
| 005 |
20151020062112.0 |
| 008 |
971203s1997 enk b 001 0 eng |
| 010 |
|
|
|a 97221357
|
| 020 |
|
|
|a 1853963062
|
| 035 |
|
|
|a (OCoLC)38132941
|
| 035 |
|
|
|9 AHP0732AM
|
| 040 |
|
|
|a DLC
|c DLC
|d TXA
|d UtOrBLW
|
| 043 |
|
|
|a e-uk---
|
| 049 |
|
|
|a TXAM
|
| 050 |
0 |
0 |
|a LB1139.3.G7
|b P75 1997
|
| 245 |
0 |
0 |
|a Principles into practice in early childhood education /
|c edited by G.M. Blenkin and A.V. Kelly.
|
| 264 |
|
1 |
|a London :
|b P. Chapman Pub.,
|c [1997]
|
| 264 |
|
4 |
|c ©1997
|
| 300 |
|
|
|a xiv, 130 pages ;
|c 24 cm.
|
| 336 |
|
|
|a text
|b txt
|2 rdacontent
|
| 337 |
|
|
|a unmediated
|b n
|2 rdamedia
|
| 338 |
|
|
|a volume
|b nc
|2 rdacarrier
|
| 504 |
|
|
|a Includes bibliographical references and index.
|
| 650 |
|
0 |
|a Early childhood education
|z Great Britain
|x Evaluation
|x Case studies.
|
| 650 |
|
0 |
|a Early childhood teachers
|x Training of
|z Great Britain
|x Case studies.
|
| 650 |
|
0 |
|a Early childhood educators
|z Great Britain
|x Attitudes.
|
| 650 |
|
0 |
|a Educational surveys
|z Great Britain.
|
| 700 |
1 |
|
|a Blenkin, Geva M.
|
| 700 |
1 |
|
|a Kelly, A. V.
|q (Albert Victor)
|
| 948 |
|
|
|a c:cer
|
| 999 |
|
|
|a MARS
|
| 999 |
f |
f |
|s 9c40bbce-4437-34cb-baf1-f8d87e6184ce
|i ff1a5381-da64-3c1a-8ebc-467cdea9a699
|t 0
|
| 952 |
f |
f |
|p normal
|a Texas A&M University
|b College Station
|c Sterling C. Evans Library
|d Evans: Library Stacks
|t 0
|e LB1139.3.G7 P75 1997
|h Library of Congress classification
|i unmediated -- volume
|m A14822220623
|
| 998 |
f |
f |
|a LB1139.3.G7 P75 1997
|t 0
|l Evans: Library Stacks
|